小人物大世界 (Record no. 322466)
| 000 -LEADER | |
|---|---|
| fixed length control field | 00354nam a22001457a 4500 |
| 020 ## - ISBN | |
| ISBN | 9786299416609 |
| 082 ## - 索书号 Call Number | |
| 分类号Classification number | 783.86 |
| 作者号 Author number | 7660.1 |
| 100 ## - 作者 | |
| 作者 | 林家辉 著 |
| 245 ## - 书名 TITLE | |
| 书名Title | 小人物大世界 |
| 250 ## - 版本 EDITION STATEMENT | |
| 版本叙述 Edition statement | 初版;平装 |
| 260 ## - 出版项PUBLICATION, DISTRIBUTION, ETC. (IMPRINT) | |
| 出版地 Place of publication | 雪兰莪 |
| 出版社 Name of publisher | 马来西亚文史研究促进会 |
| 出版日期 Date of publication | 2025 |
| 300 ## - 稽核项 PHYSICAL DESCRIPTION | |
| 页数 Number of Pages | 146页 |
| 尺寸 Dimensions | 24公分 |
| 500 ## - 一般附注 GENERAL NOTE | |
| 附注 General note | 购 |
| 942 ## - ADDED ENTRY ELEMENTS (KOHA) | |
| Koha item type | Books |
| Source of classification or shelving scheme | Not for loan | Permanent Location | Current Location | Shelving location | Date acquired | Source of acquisition | Cost, normal purchase price | Full call number | Barcode | Cost, replacement price | Koha item type |
|---|---|---|---|---|---|---|---|---|---|---|---|
| LIBRARY CHUNG HWA HIGH SCHOOL MUAR | LIBRARY CHUNG HWA HIGH SCHOOL MUAR | 7 世界史地(二楼 J~K) | 2026-01-02 | 购 | 30.00 | 783.86 7660.1 | 049859 | 60.00 | Books |
